000
00250nam a22001217a 4500
999
_c
158653
_d
158653
082
_a
_b
100
_a
Alison W L
245
_a
The sadhs/
_c
by Alison W L.
260
_a
New Delhi:
_b
Anmol,
_c
1985.
300
_a
127p.
650
_a
942
_c
BK